Overwatch 2 Heroes - Statistics

General Stats
  • This quiz has been taken 105 times
    8 since last reset
  • The average score is 41 of 44
Answer Stats
Class Hero % Correct
Support Ana
100%
Damage Ashe
100%
Support Baptiste
100%
Damage Bastion
100%
Support Brigitte
100%
Damage Cassidy
100%
Tank Doomfist
100%
Tank D.VA
100%
Damage Genji
100%
Damage Hanzo
100%
Tank Hazard
100%
Support Illari
100%
Tank Junker Queen
100%
Support Juno
100%
Support Kiriko
100%
Support Mercy
100%
Support Moira
100%
Tank Orisa
100%
Tank Ramattra
100%
Damage Reaper
100%
Tank Sigma
100%
Damage Soldier: 76
100%
Damage Sombra
100%
Damage Symmetra
100%
Damage Tracer
100%
Damage Widowmaker
100%
Tank Winston
100%
Tank Wrecking Ball
100%
Tank Zarya
100%
Support Zenyatta
100%
Damage Echo
80%
Damage Junkrat
80%
Support Lifeweaver
80%
Support Lucio
80%
Tank Mauga
80%
Damage Pharah
80%
Tank Reinhardt
80%
Tank Roadhog
80%
Damage Sojourn
80%
Damage Torbjorn
80%
Damage Venture
80%
Support Wu Yang
80%
Damage Freja
60%
Damage Mei
60%
No matching quizzes found
Score Distribution
Percent of People with Each Score
Percentile by Number Answered
Your Score History
You have not taken this quiz since the last reset